top 10 countries by economic freedom (2014) - Statistics

General Stats
  • This quiz has been taken 31 times
  • The average score is 6 of 10
Answer Stats
Score Country/Territory % Correct
10 76.0 United States
97%
3 82.0 Australia
90%
6 80.2 Canada
87%
4 81.4 New Zealand
81%
2 89.4 Singapore
68%
5 81.0 Switzerland
68%
1 90.1 Hong Kong
65%
9 76.1 Denmark
58%
7 78.7 Chile
26%
8 76.5 Mauritius
6%
No matching quizzes found
Score Distribution
Percent of People with Each Score
Percentile by Number Answered
Your Score History
You have not taken this quiz